000
00305nam a22001337a 4500
008
170208b xxu||||| |||| 00| 0 eng d
020
_a
2900323022155
041
_a
eng
080
_2
7TH
_a
61
100
_a
4
101
_a
SHM
245
_a
MOSBY'S RESPIRATORY CARE EQUIPMENT
_c
CAIRO, J.M
942
_2
udc
_c
BK
999
_c
4958
_d
4958